| 000 | 00680cam a2200229 i 4500 | ||
|---|---|---|---|
| 001 | 3625351 | ||
| 005 | 20180131074424.0 | ||
| 008 | 751016s1976 ne a b 000 0 eng | ||
| 010 | _a 74081330 | ||
| 020 |
_a0720428114. _a0444107096 (American Elsevier) |
||
| 040 |
_aDLC _cDLC _dDLC |
||
| 041 | 1 | _aengfre | |
| 080 | _a658.403 PUN | ||
| 082 | 0 | 0 | _a658.403 PUN |
| 100 | 1 | _a27 | |
| 101 | _aIM | ||
| 240 | 1 | 0 |
_aPratique de l'automatisation intégrée. _lEnglish |
| 245 | 1 | 0 |
_aIntegrated automation practice / _cby Lucas Pun, Javier Aracil, Jean-Louis Abatut. |
| 504 | _aBibliography: p. 361-368. | ||
| 906 |
_a7 _bcbc _corignew _d1 _eopcn _f19 _gy-gencatlg |
||
| 942 |
_2ddc _cBK |
||
| 999 |
_c41387 _d41387 |
||